Defenders Killing ground (Record no. 63778)

MARC details
000 -LEADER
fixed length control field 00683nam a2200169 a 4500
008 - FIXED-LENGTH DATA ELEMENTS--GENERAL INFORMATION
fixed length control field 201118s2017 ||||||||||||||||| || u
020 ## - INTERNATIONAL STANDARD BOOK NUMBER
International Standard Book Number 9781781127292
050 ## - LIBRARY OF CONGRESS CALL NUMBER
Classification number PZ 7.A564
100 ## - MAIN ENTRY--PERSONAL NAME
Personal name Palmer, Tom
245 10 - TITLE STATEMENT
Title Defenders Killing ground
Statement of responsibility, etc. By Tom Palmer
260 ## - PUBLICATION, DISTRIBUTION, ETC.
Place of publication, distribution, etc. Edinburgh
Name of publisher, distributor, etc. Barrington Stoke Ltd
Date of publication, distribution, etc. 2017
300 ## - PHYSICAL DESCRIPTION
Extent 129 pages
350 ## -
-- 18.64
650 ## - SUBJECT ADDED ENTRY--TOPICAL TERM
Topical term or geographic name entry element ENGLISH LANGUAGE
995 ## -
-- FICTION Collection
-- 750501
-- CBU-MAIN LIBRARY (Kitwe)
-- 18.64
-- PZ 7.A564
-- 2
-- AVAILABLE
-- Dec 10, 2020
-- 750501
-- Fiction Collection
995 ## -
-- FICTION Collection
-- 905205
-- CBU-SCHOOL OF MEDICINE LIBRARY (Ndola)
-- 18.64
-- PZ 7.A564
-- 1
-- AVAILABLE
-- Nov 20, 2020
-- 905205
-- Fiction Collection
999 ## -
-- 63778
-- 63778

No items available.